| 000 | 00484nam a22001577a 4500 | ||
|---|---|---|---|
| 999 |
_c9414 _d9414 |
||
| 008 | 210410b ||||| |||| 00| 0 eng d | ||
| 040 | _aBMS College of Architecture | ||
| 100 | _aN, Mamatha | ||
| 245 | _aRediscovering Mixed land use | ||
| 300 | _a107p. | ||
| 500 | _a1BM05AHD02 | ||
| 502 |
_8M.Arch (Habitat design) _NBMS College of Architecture, Visvesvaraya Technological University _aDisssertation _d2007 |
||
| 650 | _aLand | ||
| 700 |
_aSatish S Rao _eGuide |
||
| 942 |
_2ddc _cPGTHE |
||